| 000 | 00488nam a2200181 a 4500 | ||
|---|---|---|---|
| 005 | 20240911064836.0 | ||
| 008 | 991125c1980 mos 000 0 spa u | ||
| 035 | _aUPN01000013798 | ||
| 049 | _aCG | ||
| 050 | 4 |
_aHX314 _bL4.58 |
|
| 100 | 1 |
_aLenin, Vladimir Ilich, _d1870-1924 |
|
| 245 | 1 | 3 |
_aLa democracia socialista soviética / _cLenin. |
| 260 |
_aMoscú : _bProgreso, _c1980. |
||
| 300 | _a220 p. | ||
| 650 | 4 |
_aComunismo _96792 |
|
| 650 | 4 |
_aComunismo _zRusia _910282 |
|
| 905 | _aLibro | ||
| 999 |
_c13798 _d13798 |
||